APPLIED PHYSICS FOR ENGINEERS. (Record no. 217010)

MARC details
000 -LEADER
fixed length control field 00509nam a22001697a 4500
008 - FIXED-LENGTH DATA ELEMENTS--GENERAL INFORMATION
fixed length control field 260420b |||||||| |||| 00| 0 eng d
020 ## - INTERNATIONAL STANDARD BOOK NUMBER
International Standard Book Number 978-81-203-4242-2
050 ## - LIBRARY OF CONGRESS CALL NUMBER
Classification number QC 31 .M44 2011
100 ## - MAIN ENTRY--PERSONAL NAME
Personal name MEHTA, NEERAJ
245 ## - TITLE STATEMENT
Title APPLIED PHYSICS FOR ENGINEERS.
260 ## - PUBLICATION, DISTRIBUTION, ETC.
Place of publication, distribution, etc. NEW DELHI,
Name of publisher, distributor, etc. PHI LEARNING PRIVATE LIMITED,
Date of publication, distribution, etc. 2011.
300 ## - PHYSICAL DESCRIPTION
Extent XXI, 998 P, ILL
500 ## - GENERAL NOTE
General note INCLUDES INDEX.
650 ## - SUBJECT ADDED ENTRY
Topical term or geographic name entry element 1. PHYSICS - APPLIED 2. ENGINEERING PHYSICS
942 ## - ADDED ENTRY ELEMENTS (KOHA)
Source of classification or shelving scheme Library of Congress Classification
Koha item type Long Loan Book
Holdings
Withdrawn status Lost status Source of classification or shelving scheme Damaged status Not for loan Collection Home library Current library Shelving location Date acquired Inventory number Total checkouts Full call number Barcode Date last seen Copy number Price effective from Koha item type
    Library of Congress Classification     Science & Technology Kisii University Library Kisii University Library On Display 04/20/2026 113044,   QC 31 .M44 2011 a001878 04/20/2026 1 04/20/2026 Long Loan Book
    Library of Congress Classification     Science & Technology Kisii University Library Kisii University Library On Display 04/20/2026 113045   QC 31 .M44 2011 a001879 04/20/2026 2 04/20/2026 Long Loan Book
    Library of Congress Classification     Science & Technology Kisii University Library Kisii University Library On Display 04/20/2026 113046   QC 31 .M44 2011 a001880 04/20/2026 3 04/20/2026 Long Loan Book
    Library of Congress Classification     Science & Technology Kisii University Library Kisii University Library On Display 04/20/2026 113047   QC 31 .M44 2011 a001882 04/20/2026 4 04/20/2026 Long Loan Book